| 000 | 00746nab a2200217 i 4500 | ||
|---|---|---|---|
| 001 | 180813 | ||
| 003 | ES-MaACL | ||
| 005 | 20240527163614.0 | ||
| 008 | 120717s1913 sp 000 s spa d | ||
| 100 | 1 |
_aComorera, Juan. _9226942 |
|
| 245 | 1 | 0 |
_aPolítica pedagógica / _cpor Juan Comorera. |
| 300 |
_aP. 21-40 ; _c23 cm. |
||
| 594 | _aPrecede al tít.: Conferencias del Ateneo de Madrid. | ||
| 599 | _aRetrato del autor en port. | ||
| 610 | 2 | 4 |
_aAteneo de Madrid- _vConferencias- _y1900-1939 _91907 |
| 650 | 4 |
_aPolítica educativa _916294 |
|
| 650 | 7 |
_aEnseñanza- _zEspaña- _yS.XX _2 _9139558 |
|
| 773 | 0 |
_tLa Palabra : revista taquigráfica, _dMadrid. -- _gN. 12 (15 de junio de 1913), p. 21-40 |
|
| 999 |
_c180813 _d180813 |
||
| 942 | _cANAM | ||